Game of Thrones: Out of Character II Quiz Stats

 Plays Quiz Updated Aug 27, 2014

Support Sporcle.
Go Orange.
Score 0/16 Timer 04:00
1 Play Today
% Correct
Arya Stark (Maisie Williams)
92.9%
Tywin Lannister (Charles Dance)
92.6%
Joffrey Baratheon (Jack Gleeson)
91.3%
Bronn (Jerome Flynn)
75%
Davos Seaworth (Liam Cunningham)
73.3%
Loras Tyrell (Finn Jones)
72.3%
Shae (Sibel Kekilli)
70.5%
Melisandre (Carice van Houten)
69.4%
% Correct
Ygritte (Rose Leslie)
65.1%
Jeor Mormont (James Cosmo)
58.9%
Yara/Asha Greyjoy (Gemma Whelan)
45.7%
Jaqen H'ghar (Tom Wlaschiha)
42.3%
Ilyn Payne (Wilko Johnson)
40.5%
Viserys Targaryen (Harry Lloyd)
31.4%
Lancel Lannister (Eugene Simon)
25.9%
Pyat Pree (Ian Hanmore)
16.4%

You're not logged in!

Compare scores with friends on all Sporcle quizzes.
OR
Log In
Forgot?

From the Vault

Scary Baby Names

by MoMosMoProblems

We're not sure these are the best way to go, unless you want your baby to become a supervillain.
Remove Ads.
Support Sporcle.
Get the best of Sporcle when you Go Orange. This ad-free experience offers more features, more stats, and more fun while also helping to support Sporcle. Thank you for becoming a member.

Show Comments

Extras

Top Quizzes Today


Score Distribution

Your Account Isn't Verified!

In order to create a playlist on Sporcle, you need to verify the email address you used during registration. Go to your Sporcle Settings to finish the process.

Report this User

Report this user for behavior that violates our Community Guidelines.

Details: